История военного искусства

গ্রন্থ-পঞ্জীর বিবরন
প্রধান লেখক: Разин Е. А. Евгений Андреевич
ভাষা:রুশ
প্রকাশিত: Москва, Полигон, 1994
বিষয়গুলি:
বিন্যাস: গ্রন্থ
KOHA link:https://koha.lib.tpu.ru/cgi-bin/koha/opac-detail.pl?biblionumber=15769

MARC

LEADER 00000nam0a2200000 4500
001 15769
005 20231030190323.0
035 |a (RuTPU)RU\TPU\book\15882 
035 |a BOOK00000022 
090 |a 15769 
100 |a 20011209d1994 km y0rusy50 ca 
101 0 |a rus 
102 |a RU 
105 |a a z 000zy 
200 1 |a История военного искусства  |f Е. А. Разин 
210 |a Москва  |c Полигон  |d 1994 
215 |a 560 с. 
610 1 |a история 
610 1 |a военное искусство 
610 1 |a военное дело 
610 1 |a Древняя Греция 
610 1 |a Пунические войны 
610 1 |a Македонские войны 
610 1 |a Древний Рим 
686 |a Ц35  |v LBC/SL-A  |2 rubbk 
700 1 |a Разин  |b Е. А.  |g Евгений Андреевич 
801 0 |a RU  |b 63413507  |c 20011209  |g PSBO 
801 2 |a RU  |b 63413507  |c 20080303  |g PSBO 
942 |c BK